000 00383nam a2200157Ia 4500
008 160316s1993 xxu||||| |||| 00| 0 eng d
082 _a372.000000
_bCCL
100 _a
245 _aTracking progress in elementary education
250 _a
260 _a
_bCCL
_c1993
300 _a63
_b
_c
365 _b
650 _a1. elementary education 2. education policy
700 _a
_a
999 _c34401
_d34401